| 000 | 00000nam##2200000za#4500 |
| 001 | 9.597499 |
| 003 | CaOODSP |
| 005 | 20210624204058 |
| 007 | cr ||||||||||| |
| 008 | 150406|2000||||xxc|||||o f|0| 0 fre|d |
| 040 | |aCaOODSP|bfre |
| 043 | |an-cn--- |
| 086 | 1 |aTU3-5/00-59F-PDF |
| 110 | 2 |aBureau de la sécurité des transports du Canada. |
| 245 | 10|aGivrage en vol et perte de maîtrise - Accent Aviation Cessna 310I C-GWWO, Calgary (Alberta), le 12 avril 2000 |h[ressource électronique] |
| 260 | |aGatineau - Québec : |bBureau de la sécurité des transports du Canada |c[2000]. |
| 300 | |a7p. |
| 490 | 1 |aRapport d'enquête aéronautique |vA00W0079 |
| 590 | |a10-05-Supp|b2010-07-20 |
| 691 | 07|aAccident d'avion|2gcpds |
| 775 | 08|tIn-flight icing / loss of control - Accent Aviation Cessna 310I C-GWWO, Calgary, Alberta, 12 April 2000 |w(CaOODSP)9.566010 |
| 830 | #0|aRapport d'enquête aéronautique ;|vA00W0079|w(CaOODSP)9.501229 |
| 856 | 40|ahttp://publications.gc.ca|qPDF|s87 Ko|uhttps://publications.gc.ca/collections/collection_2009/bst-tsb/TU3-5-00-59F.pdf|yA00W0079 |